| 000 | 00655nam a2200229Ia 4500 | ||
|---|---|---|---|
| 005 | 20251020182616.0 | ||
| 008 | 200515s9999 xx 000 0 und d | ||
| 082 | _aSC/693.1:69.024/L51/3 | ||
| 100 | _aLESUR, Luis | ||
| 245 | 0 | _aAlbañilería y autoconstrucción III | |
| 260 | _aMéxico, D.F. | ||
| 260 | _c1998 | ||
| 300 | _a104 | ||
| 520 | _aConstrucción de muros de paneles de espuma plástica, arcos techos, escaleras, losas de concreto armado y aplanados de mezcla y yeso | ||
| 650 | _aALBAÑILERIA | ||
| 650 | _aARCOS | ||
| 650 | _aESCALERAS | ||
| 650 | _aLOSAS DE CONCRETO | ||
| 650 | _aMORTEROS | ||
| 650 | _aTECHOS | ||
| 942 | _cLIB | ||
| 999 |
_c3489 _d3489 |
||